| 000 | 01873cam a2200457 a 4500 | ||
|---|---|---|---|
| 005 | 20260322212016.0 | ||
| 008 | data | ||
| 010 | _a 2004059454 | ||
| 020 | _a0743454545 | ||
| 020 | _a0743454553 (trade pbk.) | ||
| 020 | _a1416506705 (ebook) | ||
| 020 | _a9781416506706 (ebook) | ||
| 020 | _a9780743454544 | ||
| 020 | _a9780743454551 (trade pbk.) | ||
| 040 |
_aDLC _cDLC _dDLC |
||
| 043 |
_an-us-az _an-us-az |
||
| 050 | 0 | 0 |
_aPS3566.I372 _bV36 2005 |
| 082 | 0 | 0 |
_a813/.54 _222 |
| 099 | _aPICOUJ | ||
| 100 | 1 |
_aPicoult, Jodi, _d1966- |
|
| 245 | 1 | 0 |
_aVanishing acts / _cJodi Picoult. |
| 250 | _a1st Atria Books hardcover ed. | ||
| 260 |
_aNew York : _bAtria Books, _c2005. |
||
| 300 |
_a418 p. ; _c24 cm. |
||
| 650 | 0 |
_aYoung women _vFiction. |
|
| 650 | 0 |
_aAdult children of divorced parents _vFiction. |
|
| 650 | 0 |
_aFathers and daughters _vFiction. |
|
| 650 | 0 |
_aParental kidnapping _vFiction. |
|
| 650 | 0 |
_aDivorced fathers _vFiction. |
|
| 651 | 0 |
_aNew Hampshire _vFiction. |
|
| 651 | 0 |
_aArizona _vFiction. |
|
| 655 | 7 |
_aPsychological fiction. _2lcsh |
|
| 655 | 7 |
_aDomestic fiction. _2lcsh |
|
| 856 | 4 | 2 |
_3Publisher description _uhttp://www.loc.gov/catdir/enhancements/fy0631/2004059454-d.html |
| 856 | 4 | 1 |
_3Sample text _uhttp://www.loc.gov/catdir/enhancements/fy0641/2004059454-s.html |
| 856 | 4 | 2 |
_3Contributor biographical information _uhttp://www.loc.gov/catdir/enhancements/fy1107/2004059454-b.html |
| 906 |
_a7 _bcbc _corignew _d1 _eocip _f20 _gy-gencatlg |
||
| 925 | 0 |
_aacquire _b2 shelf copies _xpolicy default |
|
| 955 |
_dlh06 2004-09-28 _elh36 2004-09-29 to Dewey _flk13 2005-04-21 _glk13 2005-04-21 To BCCD |
||
| 001 | data | ||
| 999 |
_c349 _d349 |
||